2010 vision (Record no. 104388)
[ view plain ]
| 000 -LEADER | |
|---|---|
| fixed length control field | 01269cam a2200205 4500 |
| 001 - CONTROL NUMBER | |
| control field | L130188 |
| 008 - FIXED-LENGTH DATA ELEMENTS--GENERAL INFORMATION | |
| fixed length control field | 050630n2004 000 0 eng u |
| 035 ## - SYSTEM CONTROL NUMBER | |
| System control number | (Sirsi) u130188 |
| 041 ## - LANGUAGE CODE | |
| Language code of text/sound track or separate title | eng |
| 110 ## - MAIN ENTRY--CORPORATE NAME | |
| Corporate name or jurisdiction name as entry element | Frost and Sullivan |
| 9 (RLIN) | 4747 |
| 245 ## - TITLE STATEMENT | |
| Title | 2010 vision |
| Remainder of title | an analysis of the markets for chartered surveyors in the land consultancy group: executive summary |
| 260 ## - PUBLICATION, DISTRIBUTION, ETC. | |
| Place of publication, distribution, etc. | London |
| Name of publisher, distributor, etc. | RICS |
| Date of publication, distribution, etc. | 2004 |
| 300 ## - PHYSICAL DESCRIPTION | |
| Extent | 21p. |
| 500 ## - GENERAL NOTE | |
| General note | Full report see RICS 2004/57 |
| 520 ## - SUMMARY, ETC. | |
| Summary, etc. | Provides an executive summary of an independent report commissioned by RICS Land Consultancy Group from market consultants Frost and Sullivan, which investigates the current and future direction of the markets in which members of the four Faculties of the Land Consultancy group operate. over the short to medium term. Concludes that these market sectors are growing and will continue to grow with the exception of the minerals sector. But there are concerns about the future availability of skilled resources to take up the resulting workload. |
| 590 ## - LOCAL NOTE (RLIN) | |
| Local note | IKA190705 |
| 690 ## - LOCAL SUBJECT ADDED ENTRY--TOPICAL TERM (OCLC, RLIN) | |
| Topical term or geographic name as entry element | ABOUT RICS-RICS STRUCTURE AND GOVERNANCE-RICS FACULTIES AND FORUMS-RICS FACULTIES AND FORUMS STAFF-RICS LAND CONSULTANCY GROUP |
| 710 ## - ADDED ENTRY--CORPORATE NAME | |
| Corporate name or jurisdiction name as entry element | Royal Institution of Chartered Surveyors |
| 9 (RLIN) | 4900 |
| 942 ## - ADDED ENTRY ELEMENTS (KOHA) | |
| Suppress in OPAC | 0 |
| Source of classification or shelving scheme | Dewey Decimal Classification |
| Withdrawn status | Lost status | Source of classification or shelving scheme | Damaged status | Not for loan | Home library | Current library | Shelving location | Date acquired | Total Checkouts | Full call number | Date last seen | Copy number | Price effective from | Koha item type |
|---|---|---|---|---|---|---|---|---|---|---|---|---|---|---|
| Dewey Decimal Classification | Archives | Archives | RICS Boxes | 30/06/2005 | RICS 2004/56 | 06/11/2023 | 1 | 06/08/2019 | Book |